000 00629nam a2200181 i 4500
001 68163
003 ES-MaACL
005 20230906170221.0
007 t|
008 040610s1970 sp ||||1| spa d
100 1 _aGaraudy, Roger.
_953935
245 1 0 _aPerspectivas del hombre
_b: existencialismo, pensamiento católico, estructuralismo, marxismo /
_cRoger Garaudy ; [traducido por Enrique Molina Campos].
250 _a[1ª ed.].
260 _aBarcelona :
_b[s.n.],
_c1970 (
_eFontanella :
_fFerrer y Coll)
300 _a457 p. ;
_c19 cm.
700 1 _aMolina Campos, Enrique.
_981917
852 _aES-MaACL
_jC-44861
_bR.75632
999 _c68163
_d68163